| 000 | 00664nam a2200229 a 4500 | ||
|---|---|---|---|
| 005 | 20230516131911.0 | ||
| 008 | 070816s2006 mx r 000 0 spa d | ||
| 020 | _a9688536571 | ||
| 035 | _aUPN01000150952 | ||
| 049 | _aCG | ||
| 050 | 4 |
_aHQ74 _bR5.2 |
|
| 100 | 1 | _aRiesenfeld, Rinna | |
| 245 | 1 | 0 |
_aBisexualidades : _bentre la homosexualidad y la heterosexualidad / _cRinna Riesenfeld. |
| 260 |
_aMéxico : _bPaidós, _c2006. |
||
| 300 | _a176 p. | ||
| 440 | 0 |
_aUno y los demás ; _v10 |
|
| 650 | 2 |
_aBisexualidad _97379 |
|
| 650 | 4 |
_aHomosexualidad _97378 |
|
| 650 | 4 |
_aSexo (Psicología) _97377 |
|
| 650 | 4 |
_aIdentidad (Psicología) _96603 |
|
| 905 | _aLibro | ||
| 999 |
_c123092 _d123092 |
||